| 000 | 00964cam a22002655a 4500 | ||
|---|---|---|---|
| 001 | 18650022 | ||
| 005 | 20160825114948.0 | ||
| 008 | 150608s2016 enka frb 001 0 eng d | ||
| 020 | _a9781138885318 | ||
| 040 |
_aDLC _beng _cDLC _dDLC _dEG-ScBUE |
||
| 082 | 0 | 4 |
_a338.9 _222 _bDEJ |
| 100 | 1 |
_aDe Janvry, Alain. _940799 |
|
| 245 | 1 | 0 |
_aDevelopment economics : _btheory and practice / _cAlain de Janvry and Elisabeth Sadoulet. |
| 260 |
_aOxon ; _aNew York : _bRoutledge / Taylor & Francis Group, _c2016. |
||
| 300 |
_axxix, 828 p. : _bill. ; _c25 cm. |
||
| 500 | _aIndex : p. 813-828. | ||
| 504 | _aIncludes bibliographical references. | ||
| 650 | 7 |
_aDevelopment economics. _2BUEsh _94896 |
|
| 650 | 7 |
_aEconomic development. _2BUEsh _910495 |
|
| 651 | 7 |
_aDeveloping countries _xEconomic policy. _2BUEsh _93693 |
|
| 651 | 7 |
_aDeveloping countries _xSocial policy. _2BUEsh _940800 |
|
| 653 |
_bBUSECO _cAugust 2016 |
||
| 700 | 1 |
_aSadoulet, Elisabeth, _d1945- |
|
| 942 | _2ddc | ||
| 999 |
_c22197 _d22169 |
||